00898nam a22002531 450000100060000000300080000600500170001400800410003103500190007203500190009104000320011004100080014208200180015010000500016824500620021826000620028030000200034249000460036250000310040865000320043994200120047199900170048395201440050022027BD-RjUL20211209000746.0140306r19461944enk 000 0 eng d a(BD-RjUL)22092 a(OCoLC)2730879 aDLCcTNJdDLCdBD-RjULbeng aeng00a901bLIW 19461 aLiddell Hart, Basil Henry,d1895-1970.96802810aWhy don't we learn from history? /cBy B.H. Liddell Hart. aLondon :bG. Allen & Unwin ltd.,c1944 [impression 1946]. a64 p. ;c19 cm.0 aP.E.N. books. General editor: Herman Ould a"First published in 1944." 0aHistoryxPhilosophy.968029 2ddccBK c22027d22027 00102ddc40708NFICaRUCLbRUCLcStackd1968-07-05eSweets & Zeitlinger.g2.00l0o901 LIW 1946r2014-03-06 00:00:00tC-2w2014-03-06yBK